Statistiques concernant Once Upon a Time : Personnages (Saison 1 à 7)

Cliquez ici pour prendre le quiz!

Statistiques générales

  • Ce quiz a été pris 1 535 fois
  • Le résultat moyen est 55 sur 110

Statistiques - réponses

HintRéponse% Correct
6Blanche-Neige
99%
1Emma Swan
99%
2Regina Mills
98%
7Prince Charmant
97%
5Henry Mills
96%
3Killian Jones
95%
8Belle
94%
4Rumplestiltskin
94%
80Anna
88%
79Elsa
86%
70Peter Pan
85%
107Robin
84%
10Robin des Bois
84%
17Jacinda / Cendrillon (Saison 7)
83%
24Ashley Boyd
82%
9Zelena
81%
53Aurore
80%
22Grincheux
80%
37Cruella
78%
36Maléfique
78%
55Mulan
78%
12Ruby
77%
40Ariel
76%
13Neal Cassidy
74%
50Cora
73%
38Ursula
73%
11August Booth
69%
28Prof
69%
30Atchoum
68%
32Fée Clochette
67%
25Dormeur
66%
100Hadès
66%
15Madame de Trémaine
66%
31Fée Bleue
65%
21Granny
65%
14Jiminy Cricket
65%
26Simplet
65%
73Alice
63%
88Roi Arthur
62%
58Aladdin
61%
29Joyeux
61%
60Jasmine
60%
27Timide
59%
20Graham
57%
99Merlin
57%
54Philippe
57%
35Geppetto
55%
81Kristoff
55%
41Eric
54%
102Javotte
53%
34Fée Noire
51%
92Merida
50%
16Lucy
49%
52Jefferson
48%
56Lancelot
47%
86Hans
46%
59Jafar
46%
82Ingrid
45%
67Marianne
45%
18Tiana / Sabine
45%
94Hercule
43%
23Sidney Glass
43%
68Wendy
42%
103Anastasie
40%
61Gideon
40%
83Lily
38%
71Petit Jean
38%
89Reine Guenièvre
36%
77Dorothy
34%
42Dr Whale
34%
85Apprenti Sorcier
33%
84Isaac Heller
33%
97Mr Hyde
33%
64Tamara
33%
19Will Scarlet
33%
104Gothel
32%
74Liam Jones
32%
46Roi George
32%
47Roi Midas
32%
95Zeus
32%
62Dr Facilier
31%
72Roland
30%
69Felix
29%
51Gaston
28%
57Milah
28%
96Dr Jekyll
27%
108Jack
27%
43Kathryn Nolan
27%
33Fée Nova
26%
93Nimue
26%
48Roi Leopold
26%
98Capitaine Nemo
25%
91Violette
25%
65Greg Mendell
22%
110Prince Naveen
21%
76Barbe Noire
20%
63Anton
18%
49Maurice
18%
39Poséidon
18%
78Glinda
17%
90Perceval
17%
45Ruth
17%
75Walsh
16%
66Le Dragon
15%
44Zoso
12%
106Capitaine Achab
10%
109Chad
10%
105Reine Eudora
10%
87Bo Peep
9%
101Beowulf
7%

Distribution des résultats

Percentile par nombre de réponses

% des personnes avec chaque résultat

Votre développement - résultats

Vous n’avez pas pris ce quiz